Statistics for Countries By Highest Waterfall

Click here to take the quiz!

General Stats

  • This quiz has been taken 26 times
    (24 since last reset)
  • The average score is 6 of 10

Answer Stats

Height (Feet)Answer% Correct
3212Venezuela (Angel Falls)
86%
2953USA (Olu'upena Falls)
86%
2756Canada (James Bruce Falls)
73%
2999Peru (Tres Hermanas Falls)
68%
1936Colombia (La Chorrera Falls)
59%
2379France (Cascades de Trou de Fer)
55%
3110South Africa (Tugela Falls)
50%
2500Zimbabwe (Mutarazi Falls)
50%
2822Norway (Vinnufossen)
32%
2743New Zealand (Browne Falls)
14%

Score Distribution

Percentile by Number Answered

Percent of People with Each Score

Your Score History

You have not taken this quiz since the last reset